000 00907nam a2200253 i 4500
001 9947
003 ES-MaACL
005 20250809063448.0
007 t|
008 940527e1994 sp ||||1| spa d
017 _aZ 3264-1993
_bOficina Depósito Legal Zaragoza
080 _a949.71"1991/..."(089.3)
245 0 0 _aBajo los puentes del Drina :
_bsolidaridad con la mujer bosnia /
_cedición de Túa Blesa y Elena Pallarés
260 _a[Zaragoza] :
_bInstituto Aragonés de la Mujer :
_c[1994]
300 _a81 páginas ;
_c31 cm
650 7 _aGuerra de Yugoslavia, 1991-1995
_2embne
_913195
700 1 _aBlesa, Túa,
_d1950-
_epbl
_929477
700 1 _aPallarés, Elena
_epbl
_988571
710 2 _eedt
_aInstituto Aragonés de la Mujer
_94796
852 _aES-MaACL
_bR.122626
_cDEPO2
_jL-17463
942 _2udc
_cMONOGRAFIA
_n0
999 _c9947
_d9947